000 01870nam a2200253Ia 4500
999 _c55440
_d55440
001 22522
003 GE_BSU
005 20210325140108.0
008 181216s2017||||ge |||||||||||||| ||geo||
040 _cGE_BSU
041 _ageo
080 _a57 ნ-37
100 _aნაცარიშვილი, ქეთინო
_910757
245 _aხორბლის ყვითელი ჟანგას ადგილობრივი პოპულაციისადმი გამძლეობის ახალი დონორებისა და კონტროლის სხვა ეფექტური საშუალებების გამოვლენა /
_cქეთინო ნაცარიშვილი; სამეცნ. ხელმძღვანელი ზ. სიხარულიძე; ბათუმის შოთა რუსთაველის სახ-ფო უნ-ტი. ტექნოლ. ფაკ-ტის აგროეკოლოგ. და სატყეო საქმის დეპ-ტი
264 _aბათუმი,
_c2017.
300 _a183 გვ. ;
_bილ.,
_c30 სმ.
300 _eბიბლ.გვ.145-173
504 _aბიბლ.გვ.145-173
653 _aბიოლოგია
653 _aდისერტაცია
653 _aხორბლის ყვითელი ჟანგას ადგილობრივი პოპულაციისადმი გამძლეობის ახალი დონორებისა და კონტროლის სხვა ეფექტური საშუალებების გამოვლენა
700 _aსიხარულიძე, ზოია
_eსამეცნ. ხელმძღვანელი
_910758
942 _cBK
_2udc